Statistiques concernant Tous les buteurs de la Coupe du Monde 2014

Cliquez ici pour prendre le quiz!

Statistiques générales

  • Ce quiz a été pris 173 fois
  • Le résultat moyen est 38 sur 116

Statistiques - réponses

Nbr butsButeurs% Correct
4Lionel Messi
96%
5Thomas Müller
93%
3Karim Benzema
91%
4Neymar
86%
1Cristiano Ronaldo
84%
2Miroslav Klose
84%
6James Rodriguez
83%
1Olivier Giroud
78%
2Mario Götze
77%
3Arjen Robben
76%
4Robin van Persie
75%
1Gonzalo Higuaín
72%
2Luis Suárez
70%
1Paul Pogba
67%
1Mathieu Valbuena
66%
2Oscar
65%
1Angel Di Maria
64%
2Mats Hummels
64%
2David Luiz
62%
2Toni Kroos
62%
1David Villa
61%
1Thiago Silva
61%
3André Schürrle
60%
1Edinson Cavani
59%
1Mesut özil
59%
1Romelu Lukaku
58%
1Sami Khedira
58%
1Wayne Rooney
55%
2Alexis Sanchez
54%
1Fred
52%
1Blaise Matuidi
50%
2Islam Slimani
50%
1Moussa Sissoko
47%
1Kevin De Bruyne
46%
1Mario Balotelli
46%
2Tim Cahill
45%
3Xherdan Shaqiri
45%
1Dries Mertens
41%
1Nani
40%
1Fernando Torres
39%
2Mario Mandzukic
39%
2Memphis Depay
39%
1Xabi Alonso
39%
2Ahmed Musa
37%
1Daniel Sturridge
36%
1Javier Hernandez
36%
1Wesley Sneijder
34%
2Ivan Perisic
32%
1Juan Guillermo Cuadrado
32%
2Andre Ayew
31%
1Marouane Fellaini
31%
2Bryan Ruiz
30%
2Clint Dempsey
29%
1Edin Dzeko
29%
3Enner Valencia
29%
2Gervinho
28%
1Joel Campbell
28%
1Keisuke Honda
28%
1Sofiane Feghouli
28%
2Asamoah Gyan
27%
1Diego Godín
27%
1Yacine Brahimi
27%
1Claudio Marchisio
26%
1Klaas-Jan Huntelaar
23%
1Stefan De Vrij
23%
1Daley Blind
22%
1Eduardo Vargas
21%
1Haris Seferovic
20%
2Jackson Martinez
19%
1Miralem Pjanic
19%
1Georginio Wijnaldum
17%
1Leroy Fer
17%
1Marcos Rojo
17%
1Jan Vertonghen
16%
1Divock Origi
15%
1Giorgos Samaras
15%
1Giovani dos Santos
15%
1Jean Beausejour
15%
2Wilfried Bony
15%
1Ivica Olic
14%
1Joël Matip
14%
1Blerim Dzemaili
13%
2Abdelmoumen Djabou
12%
1Alexander Kokorin
12%
1Mile Jedinak
12%
1Silvestre Varela
12%
1Juan Mata
11%
1Charles Arànguiz
10%
1Fernandinho
10%
1Jermaine Jones
9%
1Jorge Valdìvia
9%
1Juan Fernando Quintero
9%
1Oribe Peralta
9%
1Teofilo Gutierrez
9%
1Admir Mehmedi
7%
1Andreas Samaris
7%
1Andres Guardado
7%
1Oscar Duarte
7%
1Shinji Okazaki
7%
1John Brooks
6%
1Rafael Marquez
6%
1Alexander Kerzhakov
5%
1Lee Keun-ho
5%
1Marco Ureña
5%
1Peter Odemwingie
5%
1Rafik Halliche
5%
1Vedad Ibisevic
5%
1Carlo Costly
4%
1Julian Green
4%
1Pablo Armero
4%
1Reza Ghoochannejhad
4%
1Sokratis Papastathopoulos
4%
1Koo Ja-cheol
2%
1Son Heung-min
2%
1Avdija Vrsajevic
1%
1Granit Xhaqa
1%

Distribution des résultats

Percentile par nombre de réponses

% des personnes avec chaque résultat

Votre développement - résultats

Vous n’avez pas pris ce quiz